| 000 | 00406nam a22001337a 4500 | ||
|---|---|---|---|
| 020 | _qPB. | ||
| 040 | _cFizza Ishaq | ||
| 082 |
_a158.1 _bJOH |
||
| 100 |
_aRoger, John. _9130870 |
||
| 245 |
_aLife 101: Everything We Wish We Had Learned About Life in School - But Didn't / _cJohn Roger McWilliams, Peter McWilliams. |
||
| 260 |
_aNew York : _bBantam Books, _c1991. |
||
| 300 | _a400 P. ; | ||
| 942 |
_2ddc _cBK |
||
| 999 |
_c615033 _d615033 |
||